Asam Sahitya Sabha Barsiki ;Dhubari / (Record no. 42191)
[ view plain ]
| 000 -LEADER | |
|---|---|
| fixed length control field | 00614nam a2200217Ia 4500 |
| 001 - CONTROL NUMBER | |
| control field | 42225 |
| 005 - DATE AND TIME OF LATEST TRANSACTION | |
| control field | 20240114003455.0 |
| 007 - PHYSICAL DESCRIPTION FIXED FIELD--GENERAL INFORMATION | |
| fixed length control field | ta |
| 008 - FIXED-LENGTH DATA ELEMENTS--GENERAL INFORMATION | |
| fixed length control field | 080612s1972 g b000 u asm u |
| 040 ## - CATALOGING SOURCE | |
| Original cataloging agency | Cotton College Assam |
| 041 ## - LANGUAGE CODE | |
| Language code of text/sound track or separate title | asm |
| 082 ## - DEWEY DECIMAL CLASSIFICATION NUMBER | |
| Classification number | 891.4109 |
| Item number | G 699 As |
| 100 ## - MAIN ENTRY--PERSONAL NAME | |
| Personal name | Goswami, Jatindra Nath . |
| 245 #0 - TITLE STATEMENT | |
| Title | Asam Sahitya Sabha Barsiki ;Dhubari / |
| Statement of responsibility, etc. | Jatindra Nath Goswami. |
| Medium | Textual Documents |
| 260 ## - PUBLICATION, DISTRIBUTION, ETC. | |
| Place of publication, distribution, etc. | Jorhat : |
| Name of publisher, distributor, etc. | Asam Sahitya Sabha , |
| Date of publication, distribution, etc. | 1972. |
| 653 ## - INDEX TERM--UNCONTROLLED | |
| Uncontrolled term | Assamese Literature-Collection |
| 653 ## - INDEX TERM--UNCONTROLLED | |
| Uncontrolled term | T/Ms-Assamese |
| 942 ## - ADDED ENTRY ELEMENTS (KOHA) | |
| Source of classification or shelving scheme | Dewey Decimal Classification |
| Koha item type | Books |
| Withdrawn status | Lost status | Damaged status | Not for loan | Collection | Home library | Current library | Date acquired | Coded location qualifier | Total checkouts | Full call number | Barcode | Date last seen | Copy number | Price effective from | Koha item type |
|---|---|---|---|---|---|---|---|---|---|---|---|---|---|---|---|
| Dr. Suryya Kumar Bhuyan Library | Dr. Suryya Kumar Bhuyan Library | 01/02/2012 | 00000 | 891.4109 G 699 As | 61226 | 14/01/2024 | 1 | 01/02/2012 | Books |
